000 00881nam0a22002411 4500
001 rc\333152
005 20250621041532.0
035 _a(NLR Aleph) 005568353
090 _a5985265
_c5985265
100 _a20030307d1989 |||y0rusy50 ca
101 0 _arus
102 _aRU
105 _ay |||||||||
200 1 _aОрганизация экономических взаимоотношений колхозов, совхозов с предприятиями "Агропромснаба"
_eУчеб. пособие
_fБлаговещ. с.-х. ин-т
210 _aБлаговещенск
_cБСХИ
_d1989 (1990)
215 _a104 с.
_d20
320 _aБиблиогр.: с. 99-102 (57 назв.)
700 1 _aБокач
_bС.Б.
_gСергей Борисович
801 0 _aRU
_bNLR
_gpsbo
801 1 _aRU
_bELAR
_2rusmarc
852 _aNLR
_j90-3/3715
942 _cBOOK
980 _aNB